Who Portrays Each Teen Wolf Character? - Statistics

General Stats
  • This quiz has been taken 2,309 times
  • The average score is 7 of 15
Answer Stats
Hint Answer % Correct
Scott McCall Tyler Posey
97%
Stiles Stilinski Dylan O'Brien
96%
Allison Argent Crystal Reed
84%
Lydia Martin Holland Roden
83%
Derek Hale Tyler Hoechlin
73%
Jackson Whittemore Colton Haynes
62%
Isaac Lahey Daniel Sharman
59%
Peter Hale Ian Bohen
51%
Chris Argent JR Bourne
44%
Sheriff Stilinski Linden Ashby
30%
Erica Reyes Gage Golightly
17%
Danny Mahealani Keahu Kahuanui
11%
Boyd Sinqua Walls
10%
Ms Morrell Bianca Lawson
7%
Matt Daehler Stephen Lunsford
3%
No matching quizzes found
Score Distribution
Percent of People with Each Score
Percentile by Number Answered
Your Score History
You have not taken this quiz